[Event "Kragero op"]
[Site "Kragero"]
[Date "2024.02.23"]
[Round "6"]
[White "Haug, Havard"]
[Black "Torosyan, Volodya"]
[Result "1-0"]
[WhiteElo "2322"]
[BlackElo "1889"]
[PlyCount "119"]
[EventDate "2024.02.21"]
[EventType "swiss"]
[EventRounds "9"]
[EventCountry "NOR"]
[SourceTitle "CB09_2024"]
[SourceDate "2024.02.28"]
[SourceVersion "1"]
[SourceVersionDate "2024.02.28"]
[SourceQuality "1"]

1. e4 c5 2. c3 d5 3. exd5 Qxd5 4. d4 Nc6 5. Nf3 cxd4 6. cxd4 e5 7. Nc3 Bb4 8. Bd2 Bxc3 9. Bxc3 e4 10. Ne5 Nxe5 11. dxe5 Ne7 12. Qa4+ Bd7 13. Qa3 Qe6 14. Be2 0-0 15. 0-0 Nd5 16. Bc4 Qc6 17. Bxd5 Qxd5 18. Rfd1 Qe6 19. Rd6 Qf5 20. Bd4 Bc6 21. Qg3 Rfe8 22. Rf6 Qd7 23. Bc3 Rad8 24. Rd6 Qf5 25. e6 f6 26. Rxd8 Rxd8 27. Qc7 Qd5 28. Qf7+ Kh8 29. e7 Rg8 30. Qxd5 Bxd5 31. Rd1 Bc6 32. Rd8 Re8 33. Bd4 a6 34. Bc5 Kg8 35. Kf1 Kf7 36. g3 Ke6 37. Ke2 Kf7 38. Kd2 Ke6 39. Kc3 Kf7 40. Kb4 f5 41. Kc3 g5 42. Kd4 f4 43. Ke5 e3 44. fxe3 fxe3 45. Rd3 e2 46. Re3 Bb5 47. a4 Bc4 48. Kd4 b5 49. a5 Rc8 50. b3 Bxb3 51. Rxe2 Ke8 52. Rf2 Bf7 53. Rf6 Ra8 54. Rb6 Kd7 55. Ke5 Rc8 56. Kf6 Rxc5 57. Rb7+ Kd6 58. Kxf7 Rf5+ 59. Ke8 Rd5 60. Rd7+ 1-0

[Event "Kragero op"]
[Site "Kragero"]
[Date "2024.02.21"]
[Round "2"]
[White "Kaasen, Tor Fredrik"]
[Black "Torosyan, Volodya"]
[Result "1-0"]
[WhiteElo "2437"]
[BlackElo "1889"]
[PlyCount "51"]
[EventDate "2024.02.21"]
[EventType "swiss"]
[EventRounds "9"]
[EventCountry "NOR"]
[SourceTitle "CB09_2024"]
[SourceDate "2024.02.28"]
[SourceVersion "1"]
[SourceVersionDate "2024.02.28"]
[SourceQuality "1"]

1. e4 c5 2. Nf3 d6 3. d4 cxd4 4. Nxd4 Nf6 5. Nc3 a6 6. Be2 e5 7. Nb3 Be6 8. f4 Qc7 9. f5 Bc4 10. Bg5 Nbd7 11. Nd2 Bxe2 12. Qxe2 b5 13. a3 Be7 14. Nf1 Qc6 15. 0-0-0 h6 16. Bxf6 Nxf6 17. Ne3 Nd7 18. Ned5 Bd8 19. h4 Ba5 20. Rh3 Rc8 21. Qg4 Rh7 22. f6 h5 23. fxg7 hxg4 24. g8Q+ Nf8 25. Nf6+ Ke7 26. Ncd5+ 1-0

[Event "Wch U14 blitz"]
[Site "Batumi"]
[Date "2023.06.11"]
[Round "11"]
[White "Tregubenko, Nikolay"]
[Black "Torosyan, Volodya"]
[Result "0-1"]
[WhiteElo "1803"]
[BlackElo "1784"]
[PlyCount "98"]
[EventDate "2023.06.10"]
[EventType "swiss (blitz)"]
[EventRounds "11"]
[EventCountry "GEO"]
[SourceTitle "EXT 2024"]
[Source "ChessBase"]
[SourceDate "2023.10.10"]
[SourceVersion "1"]
[SourceVersionDate "2023.10.10"]
[SourceQuality "1"]
[WhiteTeam "FIDE"]
[BlackTeam "Armenia"]
[BlackTeamCountry "ARM"]

1. e4 e5 2. Nf3 Nc6 3. d4 exd4 4. Nxd4 Nf6 5. Nc3 Bb4 6. Nxc6 bxc6 7. Bd3 d5 8. exd5 cxd5 9. 0-0 0-0 10. Bg5 c6 11. Qf3 h6 12. Bxf6 Qxf6 13. Qxf6 gxf6 14. Ne2 Rb8 15. Ng3 Bc5 16. b3 a5 17. Kh1 Re8 18. f4 Rb4 19. f5 Bd4 20. Rad1 Be5 21. c4 Bb7 22. Nh5 Ra8 23. Bc2 Ba6 24. Rf3 dxc4 25. Rd7 c3 26. Ng3 Kf8 27. Ne4 Ke8 28. Rd1 Be2 29. Rdf1 Bxf1 30. Rxf1 Rd8 31. Kg1 a4 32. Kf2 axb3 33. axb3 Ra8 34. Ke3 Ra2 35. Rc1 Ke7 36. g3 h5 37. Kd3 Rd4+ 38. Ke3 Rd8 39. Kf3 Rb2 40. Ke3 Ra8 41. Bd1 Rxh2 42. Nxc3 h4 43. gxh4 Rxh4 44. Kd3 Rd8+ 45. Kc2 Rh2+ 46. Ne2 Bf4 47. Ra1 Rd2+ 48. Kc3 Rdxe2 49. Bxe2 Be5+ 0-1

[Event "Wch U14 blitz"]
[Site "Batumi"]
[Date "2023.06.10"]
[Round "5"]
[White "Dinh, Nho Kiet"]
[Black "Torosyan, Volodya"]
[Result "1-0"]
[WhiteElo "2180"]
[BlackElo "1784"]
[PlyCount "75"]
[EventDate "2023.06.10"]
[EventType "swiss (blitz)"]
[EventRounds "11"]
[EventCountry "GEO"]
[SourceTitle "EXT 2024"]
[Source "ChessBase"]
[SourceDate "2023.10.10"]
[SourceVersion "1"]
[SourceVersionDate "2023.10.10"]
[SourceQuality "1"]
[WhiteTeam "Vietnam"]
[BlackTeam "Armenia"]
[WhiteTeamCountry "VIE"]
[BlackTeamCountry "ARM"]

1. d4 Nf6 2. c4 g6 3. Nc3 Bg7 4. e4 d6 5. Be2 0-0 6. Be3 e5 7. d5 Nbd7 8. g4 a5 9. h4 Ne8 10. h5 a4 11. Nxa4 f5 12. hxg6 hxg6 13. gxf5 gxf5 14. exf5 Ndf6 15. Nc3 Bxf5 16. Qd2 c5 17. Nh3 e4 18. Nf4 Rf7 19. Ne6 Bxe6 20. dxe6 Re7 21. Rd1 Rxe6 22. Bxc5 Nd7 23. Be3 Nef6 24. Nd5 Rxa2 25. Rg1 Kf8 26. Nxf6 Nxf6 27. c5 d5 28. Bh6 Re7 29. Qg5 Ne8 30. Bxg7+ Nxg7 31. Qf6+ Kg8 32. Rxg7+ Rxg7 33. Qxd8+ Kh7 34. Qh4+ Kg8 35. Qd8+ Kh7 36. Qxd5 Rg1+ 37. Bf1 Rg7 38. Qxa2 1-0

[Event "Wch U14 rapid"]
[Site "Batumi"]
[Date "2023.06.06"]
[Round "2"]
[White "Vetokhin, Savva"]
[Black "Torosyan, Volodya"]
[Result "1-0"]
[WhiteElo "2309"]
[BlackElo "1838"]
[PlyCount "91"]
[EventDate "2023.06.06"]
[EventType "swiss (rapid)"]
[EventRounds "11"]
[EventCountry "GEO"]
[SourceTitle "EXT 2024"]
[Source "ChessBase"]
[SourceDate "2023.10.10"]
[SourceVersion "1"]
[SourceVersionDate "2023.10.10"]
[SourceQuality "1"]
[WhiteTeam "FIDE"]
[BlackTeam "Armenia"]
[BlackTeamCountry "ARM"]

1. d4 d5 2. c4 c6 3. Nc3 Nf6 4. e3 e6 5. Nf3 Nbd7 6. Bd3 dxc4 7. Bxc4 b5 8. Be2 Bb7 9. 0-0 a6 10. e4 b4 11. e5 bxc3 12. exf6 cxb2 13. fxg7 Bxg7 14. Bxb2 c5 15. Rc1 Rb8 16. Ba1 cxd4 17. Nxd4 0-0 18. Rc3 Nf6 19. Rg3 Kh8 20. Qc1 Rg8 21. Nf3 Be4 22. Rxg7 Rxg7 23. Qf4 Bxf3 24. Bxf6 Qxf6 25. Qxf6 Bxg2 26. Qxg7+ Kxg7 27. Kxg2 a5 28. Rd1 Rb2 29. Bc4 Rb4 30. Rc1 Rb2 31. Rc3 Rb7 32. Ra3 Ra7 33. f4 Kf6 34. Kf3 Rc7 35. Bd3 Rc5 36. Bxh7 Rh5 37. Bd3 Rxh2 38. Rxa5 Rh3+ 39. Ke4 Rh2 40. a4 Ra2 41. Ra7 Ra3 42. a5 Ra4+ 43. Ke3 e5 44. Ra6+ Ke7 45. fxe5 Kd7 46. Bb5+ 1-0

[Event "Wch U12"]
[Site "Batumi"]
[Date "2022.09.24"]
[Round "8"]
[White "Mohammadyansichani, Arshia"]
[Black "Torosyan, Volodya"]
[Result "1-0"]
[WhiteElo "2117"]
[BlackElo "1639"]
[PlyCount "65"]
[EventDate "2022.09.16"]
[EventType "swiss"]
[EventRounds "11"]
[EventCountry "GEO"]
[SourceTitle "EXT 2023"]
[Source "ChessBase"]
[SourceDate "2022.10.05"]
[SourceVersion "1"]
[SourceVersionDate "2022.10.05"]
[SourceQuality "1"]

1. e4 c5 2. Nf3 d6 3. d4 cxd4 4. Nxd4 Nf6 5. Nc3 a6 6. Bg5 e6 7. f4 Be7 8. Qf3 Qc7 9. 0-0-0 Nbd7 10. g4 b5 11. Bxf6 Nxf6 12. g5 Nd7 13. f5 Bxg5+ 14. Kb1 Ne5 15. Qh5 h6 16. Nxe6 Bxe6 17. fxe6 g6 18. Qh3 0-0 19. Nd5 Qa7 20. Be2 Qf2 21. Rde1 Rac8 22. Rhf1 Qc5 23. c3 f5 24. Rd1 fxe4 25. e7 Rfe8 26. Qe6+ Kg7 27. Rd4 Nf3 28. Bxf3 exf3 29. Rxf3 h5 30. h4 Qxd4 31. Rf7+ Kh8 32. Rf8+ Kh7 33. Qg8+ 1-0

[Event "Wch U12"]
[Site "Batumi"]
[Date "2022.09.23"]
[Round "7"]
[White "Torosyan, Volodya"]
[Black "Villa Tornero, Alex"]
[Result "1-0"]
[WhiteElo "1639"]
[BlackElo "2114"]
[PlyCount "85"]
[EventDate "2022.09.16"]
[EventType "swiss"]
[EventRounds "11"]
[EventCountry "GEO"]
[SourceTitle "EXT 2023"]
[Source "ChessBase"]
[SourceDate "2022.10.05"]
[SourceVersion "1"]
[SourceVersionDate "2022.10.05"]
[SourceQuality "1"]

1. e4 c5 2. Nf3 e6 3. d4 cxd4 4. Nxd4 a6 5. Bd3 Nf6 6. 0-0 Qc7 7. c4 Nc6 8. Be3 Be7 9. Nc3 0-0 10. Rc1 Ne5 11. Bf4 d6 12. Bg3 b6 13. Be2 Bb7 14. f4 Ned7 15. Bf3 Rfe8 16. Qe2 Rac8 17. b3 Nc5 18. Kh1 e5 19. fxe5 dxe5 20. Nf5 g6 21. Nxe7+ Qxe7 22. Bh4 Rc6 23. Nd5 Nxd5 24. Bxe7 Nxe7 25. Rcd1 Ne6 26. Bg4 Bc8 27. Qf2 Rf8 28. Qh4 g5 29. Qh6 Nf4 30. Qxg5+ Rg6 31. Qxe7 Bxg4 32. Rd8 Rxd8 33. Qxd8+ Kg7 34. Qc7 Rg5 35. g3 Be2 36. Rf2 Bd3 37. h4 Bxe4+ 38. Kh2 Rh5 39. gxf4 Rxh4+ 40. Kg3 Rh5 41. fxe5 Rg5+ 42. Kh4 Rg1 43. Qxf7+ 1-0

[Event "Wch U12"]
[Site "Batumi"]
[Date "2022.09.20"]
[Round "5"]
[White "Torosyan, Volodya"]
[Black "Temirbekov, Taimaz"]
[Result "1-0"]
[WhiteElo "1639"]
[BlackElo "2042"]
[PlyCount "133"]
[EventDate "2022.09.16"]
[EventType "swiss"]
[EventRounds "11"]
[EventCountry "GEO"]
[SourceTitle "EXT 2023"]
[Source "ChessBase"]
[SourceDate "2022.10.05"]
[SourceVersion "1"]
[SourceVersionDate "2022.10.05"]
[SourceQuality "1"]

1. e4 c5 2. Nf3 d6 3. Bb5+ Bd7 4. Bxd7+ Qxd7 5. 0-0 Nf6 6. e5 dxe5 7. Nxe5 Qc7 8. d4 cxd4 9. Bf4 Qc5 10. Nd2 g6 11. Nb3 Qb6 12. Re1 Bg7 13. Nc4 Qc6 14. Nd6+ Kf8 15. Nxd4 Qd7 16. Nc4 Nh5 17. Ne5 Qc8 18. Qf3 Nd7 19. Bg3 Bf6 20. Nxd7+ Qxd7 21. Rad1 Nxg3 22. Ne6+ Qxe6 23. Rxe6 fxe6 24. hxg3 Kg7 25. c3 b5 26. Qe2 Rab8 27. Qxe6 a5 28. Rd5 h5 29. f4 b4 30. c4 a4 31. c5 b3 32. axb3 Rxb3 33. Qe4 Rxg3 34. Qxa4 h4 35. Kf2 Rg4 36. Rd3 Rb8 37. b3 g5 38. Rf3 Rd8 39. Qa5 Rd5 40. Kf1 Rd1+ 41. Ke2 Ra1 42. Qd2 Rxg2+ 43. Rf2 Rag1 44. fxg5 Rxg5 45. c6 Re5+ 46. Kf3 Rg3+ 47. Kf4 Rb5 48. Ke4 Re5+ 49. Kf4 Rc5 50. Qd7 Rb5 51. Re2 Bg5+ 52. Ke4 Rb4+ 53. Kf5 Rf4+ 54. Ke5 Rb4 55. Ke6 h3 56. c7 Rg2 57. Re1 h2 58. c8Q Re4+ 59. Rxe4 h1Q 60. Qc3+ Kh7 61. Qd8 Bf6 62. Qcd3 Kg7 63. Qe8 Kh6 64. Qf8+ Bg7 65. Qe3+ Kh7 66. Qf5+ Rg6+ 67. Qxg6+ 1-0

[Event "Wch U12"]
[Site "Batumi"]
[Date "2022.09.19"]
[Round "4"]
[White "Torosyan, Volodya"]
[Black "Hebbar, Eshaan"]
[Result "1-0"]
[WhiteElo "1639"]
[BlackElo "1931"]
[PlyCount "69"]
[EventDate "2022.09.16"]
[EventType "swiss"]
[EventRounds "11"]
[EventCountry "GEO"]
[SourceTitle "EXT 2023"]
[Source "ChessBase"]
[SourceDate "2022.10.05"]
[SourceVersion "1"]
[SourceVersionDate "2022.10.05"]
[SourceQuality "1"]

1. e4 e5 2. Nf3 Nc6 3. d4 exd4 4. Nxd4 Bc5 5. Nb3 Bb6 6. Nc3 d6 7. Qe2 Nge7 8. Be3 0-0 9. 0-0-0 f5 10. f4 fxe4 11. g3 Bxe3+ 12. Qxe3 Bg4 13. Be2 Bxe2 14. Qxe2 Nf5 15. Qxe4 Qe8 16. Qc4+ Qf7 17. Qb5 Rab8 18. Rhe1 a6 19. Qd3 Nce7 20. Ne4 h6 21. g4 Nh4 22. f5 g5 23. Nd4 Ng2 24. Ne6 Nxe1 25. Rxe1 Nc6 26. Qh3 Nd8 27. Nxf8 Qxf8 28. Qh5 Nf7 29. Nf6+ Kh8 30. Nd7 Qg7 31. f6 Qh7 32. Nxb8 Ne5 33. Rxe5 dxe5 34. Qe8+ Qg8 35. f7 1-0

[Event "Wch U12"]
[Site "Batumi"]
[Date "2022.09.18"]
[Round "3"]
[White "Tsetskhladze, Shota"]
[Black "Torosyan, Volodya"]
[Result "0-1"]
[WhiteElo "1166"]
[BlackElo "1639"]
[PlyCount "56"]
[EventDate "2022.09.16"]
[EventType "swiss"]
[EventRounds "11"]
[EventCountry "GEO"]
[SourceTitle "EXT 2023"]
[Source "ChessBase"]
[SourceDate "2022.10.05"]
[SourceVersion "1"]
[SourceVersionDate "2022.10.05"]
[SourceQuality "1"]

1. c4 c5 2. Nc3 g6 3. Nf3 Bg7 4. g3 Nc6 5. Bg2 d6 6. d3 e5 7. 0-0 Nge7 8. a3 0-0 9. Bd2 a5 10. Nb5 h6 11. Rb1 Be6 12. b4 axb4 13. axb4 cxb4 14. Bxb4 Nxb4 15. Rxb4 d5 16. Nd2 Qa5 17. Rb1 Rfd8 18. Qc2 Rac8 19. Rfc1 e4 20. c5 exd3 21. exd3 b6 22. Nc3 Rxc5 23. Nb3 Rxc3 24. Nxa5 Rxc2 25. Rxc2 bxa5 26. Rb7 Nf5 27. Ra7 Nd4 28. Rcc7 Nb5 0-1